[Event "I Miedzynarodowy Memorial Ireny Warakomskiej - Open A"]
[Site "Suwalki"]
[Date "2017-08-15"]
[Round "6.23"]
[White "Kumala, Aleksander "]
[Black "Paszewski, Mateusz "]
[Result "1/2-1/2"]
[WhiteTitle ""]
[BlackTitle ""]
[WhiteElo "2189"]
[BlackElo "2321"]

1. e4 c6 2. d4 d5 3. exd5 cxd5 4. Bd3 Nc6 5. c3 Qc7 6. h3 g6 7. Nf3 Bf5 8. Bxf5
gxf5 9. O-O Nf6 10. Re1 e6 11. Nbd2 Bd6 12. Ne5 Bxe5 13. dxe5 Nxe5 14. Nb3 Ned7
15. Qd4 Rg8 16. Bf4 Qb6 17. Qa4 Ne4 18. Re2 Qa6 19. Qxa6 bxa6 20. Rd1 Rc8 21.
f3 Nef6 22. Na5 Nb6 23. Nb7 Kd7 24. Nd6 Rcf8 25. Nb7 Rc8 26. Nd6 Rcf8 27. Nb7
1/2-1/2

[Event "I Miedzynarodowy Memorial Ireny Warakomskiej - Open A"]
[Site "Suwalki"]
[Date "2017-08-15"]
[Round "6.24"]
[White "Bartel, Marta"]
[Black "Sowul, Bartosz "]
[Result "1/2-1/2"]
[WhiteTitle ""]
[BlackTitle ""]
[WhiteElo "2313"]
[BlackElo "2183"]

1. d4 Nf6 2. Bg5 Ne4 3. Bf4 d5 4. e3 c5 5. c3 Nc6 6. Bd3 Nf6 7. Nd2 Bg4 8. Ngf3
e6 9. Qb1 Rc8 10. O-O Bd6 11. Bg5 Bh5 12. Bh4 Bg6 13. dxc5 Bxc5 14. e4 Be7 15.
e5 Ng4 16. Bg3 O-O 17. h3 Nh6 18. Bf4 Nf5 19. g4 Nh4 20. Nxh4 Bxh4 21. Nf3 Be7
22. Kg2 d4 23. Rd1 Qb6 24. cxd4 Nb4 25. Bxg6 fxg6 26. Qe4 Nd5 27. Bc1 Bb4 28.
Rd3 Rc2 29. Rb3 Qc6 30. Rxb4 Nxb4 31. Qxc6 bxc6 32. Kg3 h6 33. Be3 Rxb2 34. a3
Nc2 35. Rc1 a5 36. a4 Rf7 37. g5 h5 38. Nh4 Kh7 39. Ng2 Rf5 40. h4 Rf8 41. Nf4
Re8 42. Kf3 Nb4 43. Rc5 Nd5 44. Nxd5 cxd5 45. Rxa5 Rf8+ 46. Kg3 Rfb8 47. Ra6 R2b6
48. Ra7 Kg8 49. Kf3 Rb2 50. a5 Rf8+ 51. Kg3 Re8 52. Kf3 Rc2 53. Ra6 Kf7 54. Ra7+
Re7 55. Ra8 Rec7 56. Kg3 Ra2 57. Kf3 Rb2 58. Kg3 Rcb7 59. Kf3 Rc2 60. Kg3 Rbc7
61. Kf3 Rc8 62. Ra7+ R2c7 63. Ra6 Rc2 64. Ra7+ Kg8 65. Ra6 Re8 66. Ra7 Kf8 67.
Kg3 Re7 68. Ra8+ Kf7 69. Kf3 Rd7 70. Kg3 Rcc7 71. Bd2 Ra7 72. Rc8 Rdc7 73. Rd8
Rc4 74. Rb8 Rxd4 75. Bb4 Rg4+ 76. Kf3 Rxb4 77. Rxb4 Rxa5 78. Rb7+ Kf8 79. Rb8+
Ke7 80. Rb7+ Kf8 81. Rb8+ Kf7 82. Rb7+ Kg8 83. Rb8+ Kh7 84. Rb6 Ra4 85. Rxe6 Rxh4
86. Rd6 Rg4 87. Rxd5 Rxg5 88. Ke4 Rg1 89. f4 Re1+ 90. Kf3 Kg8 91. Rd7 Kf8 1/2-1/2

[Event "I Miedzynarodowy Memorial Ireny Warakomskiej - Open A"]
[Site "Suwalki"]
[Date "2017-08-15"]
[Round "6.25"]
[White "Sliwicki, Damian "]
[Black "Bednarek, Sylwester"]
[Result "0-1"]
[WhiteTitle ""]
[BlackTitle ""]
[WhiteElo "2136"]
[BlackElo "2308"]

1. e4 e6 2. d4 d5 3. Nc3 Bb4 4. Qd3 Nc6 5. e5 Qd7 6. Bd2 b6 7. a3 Bf8 8. f4 a5
9. Nf3 Ba6 10. Qe3 Bxf1 11. Rxf1 Nh6 12. Qd3 a4 13. Ne2 Na5 14. f5 Nxf5 15. g4
Nh6 16. Bxh6 gxh6 17. Nd2 Be7 18. Nf4 Bh4+ 19. Ke2 Bg5 20. Rf3 O-O-O 21. b3 f6
22. Qa6+ Kb8 23. Nd3 Nc6 24. Qxa4 Kb7 25. Kd1 Ra8 26. Qb5 Kc8 27. Ne1 Nxd4 28.
Qxd7+ Kxd7 29. Rd3 fxe5 30. c4 c5 31. Nc2 e4 32. Rh3 Rhf8 33. Nxd4 cxd4 34. cxd5
exd5 35. Ke1 Rac8 36. Rd1 d3 37. Rh5 Ke6 38. h4 Be3 39. b4 Rc2 40. b5 Rf2 41.
g5 Re2+ 42. Kf1 Rcxd2 43. Rxh6+ Ke5 44. Rxd2 Rxd2 45. Rxh7 Rf2+ 0-1

[Event "I Miedzynarodowy Memorial Ireny Warakomskiej - Open A"]
[Site "Suwalki"]
[Date "2017-08-15"]
[Round "6.26"]
[White "Nowak, Lukasz"]
[Black "Bukojemski, Adam "]
[Result "1/2-1/2"]
[WhiteTitle ""]
[BlackTitle ""]
[WhiteElo "2307"]
[BlackElo "2183"]

1. e4 c5 2. Nf3 d6 3. d4 cxd4 4. Nxd4 Nf6 5. Nc3 a6 6. g3 e6 7. Bg2 Qc7 8. O-O
Nc6 9. Nxc6 bxc6 10. Re1 e5 11. Na4 Be7 12. c4 O-O 13. b3 Be6 14. Bb2 Rad8 15.
Qc2 Nd7 16. Rad1 c5 17. Nc3 Nb8 18. f4 f6 19. f5 Bf7 20. g4 Nc6 21. Re3 Nd4 22.
Qf2 g5 23. h4 h6 24. Rh3 Kg7 25. Bf1 Rh8 26. Rdd3 Rh7 27. Rh1 Rdh8 28. Rdh3 Qd8
29. Qh2 h5 30. hxg5 fxg5 31. gxh5 Rxh5 32. Qg3 Rxh3 33. Rxh3 Rxh3 34. Bxh3 Qh8
35. Bc1 Qd8 36. Bg4 Qa5 37. Bd1 Kf8 38. Kf2 Qd8 39. Ke3 Qa5 40. Kd3 Qd8 41. Be3
Bf6 42. Kd2 Qe7 43. Qh3 Bg8 44. Qh6+ Qg7 45. Qxg7+ Kxg7 46. Ke1 Bd8 47. Kf2 Kh6
48. Kg3 Bf7 49. Kh3 Kg7 50. Kg4 Kh6 51. Kg3 Kg7 52. Kf2 Kh6 53. Bg4 Ba5 54. Nd5
1/2-1/2

[Event "I Miedzynarodowy Memorial Ireny Warakomskiej - Open A"]
[Site "Suwalki"]
[Date "2017-08-15"]
[Round "6.27"]
[White "Stachanczyk, Jacek "]
[Black "Dzierzak, Radoslaw "]
[Result "1-0"]
[WhiteTitle ""]
[BlackTitle ""]
[WhiteElo "2209"]
[BlackElo "2276"]

1. e4 c5 2. Nf3 Nc6 3. d4 cxd4 4. Nxd4 e6 5. Nc3 Qc7 6. Qd3 a6 7. Nxc6 bxc6 8.
Qg3 Qxg3 9. hxg3 d5 10. Na4 Rb8 11. exd5 cxd5 12. Bf4 Rb4 13. b3 e5 14. Bd2 Rb8
15. O-O-O Bb7 16. g4 Nf6 17. f3 Ba3+ 18. Kb1 O-O 19. g5 Nd7 20. Bd3 e4 21. Be2
Rfe8 22. fxe4 dxe4 23. Bf4 Ne5 24. Nb6 Ba8 25. Nxa8 Rxa8 26. Rd5 Ng6 27. Bg3 Bb4
28. Kb2 Ne7 29. Rd4 a5 30. Rf1 Nc6 31. Rd7 Ne5 32. Bxe5 Rxe5 33. a3 Bc5 34. Bc4
Rxg5 35. Bxf7+ Kh8 36. Bd5 Re8 37. Bxe4 h5 38. Bf3 Be7 39. c3 Bf6 40. Kc2 Rc8
41. c4 a4 42. Bd5 Rg3 43. bxa4 Rc3+ 44. Kd2 Rxa3 45. Rf5 Bc3+ 46. Kc2 Kh7 47.
Rxh5+ Kg6 48. Rh3 Bb4 49. Rxa3 Bxa3 50. a5 1-0

[Event "I Miedzynarodowy Memorial Ireny Warakomskiej - Open A"]
[Site "Suwalki"]
[Date "2017-08-15"]
[Round "6.28"]
[White "Stanisz, Patryk"]
[Black "Bugalski, Michal "]
[Result "0-1"]
[WhiteTitle ""]
[BlackTitle ""]
[WhiteElo "2100"]
[BlackElo "2250"]

1. Nf3 Nf6 2. d4 b6 3. c4 Bb7 4. Nc3 e6 5. a3 g6 6. Qc2 Bxf3 7. gxf3 Nh5 8. e4
c5 9. Be3 Nc6 10. dxc5 bxc5 11. O-O-O e5 12. Qa4 Nd4 13. Bh3 Bg7 14. Nd5 O-O 15.
Bxd4 exd4 16. Qxd7 Qh4 17. Qg4 Qxf2 18. f4 d3 19. Rd2 Qd4 20. Qf3 Qxc4+ 21. Kb1
Rab8 22. e5 Rb3 23. Rc1 Qd4 24. Ne7+ Kh8 25. Nc6 Qxf4 26. Qd1 Rb6 27. Rxc5 Qe3
28. Rc3 Qxh3 29. Rdxd3 Qxh2 30. Rc2 Qh4 31. Nxa7 Bxe5 32. Nc6 Bf6 33. Nb4 Re8
34. Qf3 Nf4 35. Rd7 Qe1+ 36. Rc1 Qe5 37. Rc2 Kg7 38. Qb3 Qe6 39. Qa4 Qe1+ 40.
Ka2 Qe6+ 41. Kb1 h5 42. Qa7 Rd6 43. Rxd6 Qxd6 44. Qf2 Nd3 0-1

[Event "I Miedzynarodowy Memorial Ireny Warakomskiej - Open A"]
[Site "Suwalki"]
[Date "2017-08-15"]
[Round "6.29"]
[White "Polok, Kacper"]
[Black "Wisniewski, Michal "]
[Result "0-1"]
[WhiteTitle ""]
[BlackTitle ""]
[WhiteElo "2249"]
[BlackElo "2180"]

1. e4 c5 2. Nc3 d6 3. Nf3 Nf6 4. Bb5+ Nbd7 5. d4 cxd4 6. Qxd4 a6 7. Bxd7+ Bxd7
8. e5 dxe5 9. Nxe5 e6 10. Bg5 Bc6 11. Nxc6 bxc6 12. Bxf6 gxf6 13. O-O-O Qxd4 14.
Rxd4 Rg8 15. g3 c5 16. Rd3 Rg4 17. Rhd1 Rb4 18. a3 Rb7 19. Ne4 f5 20. Nf6+ Ke7
21. Ng8+ Ke8 22. Nf6+ Ke7 23. Rd7+ Rxd7 24. Nxd7 Bh6+ 25. Kb1 Rd8 0-1

[Event "I Miedzynarodowy Memorial Ireny Warakomskiej - Open A"]
[Site "Suwalki"]
[Date "2017-08-15"]
[Round "6.30"]
[White "Wozniak, Mariola "]
[Black "Scripcaru, George-daniel "]
[Result "0-1"]
[WhiteTitle ""]
[BlackTitle ""]
[WhiteElo "2181"]
[BlackElo "2247"]

1. e4 d5 2. exd5 Qxd5 3. d4 Nc6 4. Nf3 e5 5. dxe5 Qxd1+ 6. Kxd1 Bg4 7. Bf4 O-O-O
8. Nbd2 Nge7 9. Bd3 Ng6 10. Bxg6 hxg6 11. Kc1 Bc5 12. Bg3 Rhe8 13. h3 Bf5 14.
a3 f6 15. b4 Bd4 16. Nxd4 Nxd4 17. Kb2 Nxc2 18. Rad1 a5 19. bxa5 Rd5 20. Nb3 Rb5
21. Rd2 Be6 22. Kxc2 Bxb3+ 23. Kc3 Re6 24. Rd4 Rc6+ 25. Kd2 fxe5 26. Rb4 Rd5+
27. Ke3 Rc3+ 28. Ke4 c6 29. Bxe5 Bc2+ 30. Kf4 g5+ 0-1

[Event "I Miedzynarodowy Memorial Ireny Warakomskiej - Open A"]
[Site "Suwalki"]
[Date "2017-08-15"]
[Round "6.31"]
[White "Okrucinski, Tadeusz"]
[Black "Chomczyk, Marek"]
[Result "0-1"]
[WhiteTitle ""]
[BlackTitle ""]
[WhiteElo "2244"]
[BlackElo "2138"]

1. d4 Nf6 2. Nf3 e6 3. c4 d5 4. g3 Be7 5. Bg2 O-O 6. O-O dxc4 7. Ne5 Nc6 8. Nxc6
bxc6 9. Bxc6 Rb8 10. Bg2 Bb7 11. Bxb7 Rxb7 12. Nc3 c5 13. dxc5 Bxc5 14. Qc2 Qc7
15. Bd2 Rfb8 16. Rab1 h6 17. Bf4 e5 18. Bd2 Qc6 19. Na4 Qe4 20. Rfc1 Bb4 21. Qxe4
Nxe4 22. Be3 Bd2 23. Rxc4 Bxe3 24. Rxe4 Bd4 25. e3 f5 26. Rh4 Bxb2 27. Rxb2 Rxb2
28. Nxb2 Rxb2 29. Ra4 Rb7 30. Ra5 Re7 31. Kg2 Kf7 32. Ra6 Rc7 33. Kf3 h5 34. h4
g6 35. a4 Kg7 36. a5 e4+ 37. Kf4 Kh6 38. f3 exf3 39. Kxf3 Rb7 40. Ke2 Rb2+ 41.
Kf3 Rb7 42. Ke2 Rb2+ 43. Kd3 Rb3+ 44. Kd4 Rb4+ 45. Kd5 Re4 46. Re6 Rg4 47. Kc6
Rxg3 48. a6 Rg4 49. Kb7 Rxh4 50. Kxa7 Rb4 51. Rb6 Re4 52. Kb7 Re7+ 53. Kb8 Rxe3
54. a7 h4 55. Ra6 Kg5 56. Kc7 Re8 57. a8=Q Rxa8 58. Rxa8 h3 59. Kd6 Kg4 60. Ke5
g5 61. Ra1 f4 62. Rg1+ Kh4 63. Kf5 h2 64. Rg4+ Kh3 65. Rxg5 f3 66. Rh5+ Kg3 67.
Rg5+ Kh4 68. Kg6 f2 69. Rh5+ Kg3 70. Rg5+ Kf3 71. Rf5+ Ke3 0-1

[Event "I Miedzynarodowy Memorial Ireny Warakomskiej - Open A"]
[Site "Suwalki"]
[Date "2017-08-15"]
[Round "6.32"]
[White "Mokal, Amruta Sunil"]
[Black "Zochowski, Kacper"]
[Result "0-1"]
[WhiteTitle ""]
[BlackTitle ""]
[WhiteElo "2047"]
[BlackElo "2239"]

1. c4 c5 2. e3 g6 3. Nf3 Bg7 4. d4 Nf6 5. Be2 O-O 6. O-O d6 7. Nc3 b6 8. Qc2 Na6
9. a3 cxd4 10. exd4 d5 11. Ne5 Nc7 12. Bf3 Bb7 13. Be3 Qc8 14. b3 dxc4 15. Bxb7
Qxb7 16. bxc4 Rfd8 17. Qa4 Ne4 18. Nxe4 Qxe4 19. Nf3 Qb7 20. Rab1 e6 21. Bg5 Rdc8
22. Qd7 Qe4 23. Rfe1 Qf5 24. Rbc1 Ne8 25. h4 h6 26. Be3 Nf6 27. Qb7 Ng4 28. c5
Qd5 29. Qa6 Nxe3 30. Rxe3 bxc5 31. dxc5 Rxc5 32. Rxc5 Qxc5 33. Qb7 Rd8 34. Kh2
Bf6 35. a4 Qc2 36. Kg3 Qxa4 37. Re4 Qd7 38. Qb3 Qd6+ 39. Kh3 Qc5 40. Rf4 Bg7 41.
Qb7 Rf8 42. Ra4 Qxf2 43. Rxa7 Qe3 44. Qe7 Qf4 45. Qc7 Qf5+ 46. Kh2 e5 47. Ra5
Qg4 48. Nxe5 Qxh4+ 49. Kg1 Qf4 50. Rd5 Kh7 51. Qd6 Ra8 52. Nf3 Ra1+ 53. Kf2 Ra2+
54. Kg1 Qe3+ 55. Kh1 Qf2 56. Rd2 Ra1+ 57. Kh2 Qe3 58. Rd3 Qe8 59. Qf4 Ra5 60.
Re3 Rh5+ 61. Kg1 Qd7 62. Re1 Qa7+ 63. Re3 Qc5 64. Qe4 Qb6 65. Qe7 0-1

[Event "I Miedzynarodowy Memorial Ireny Warakomskiej - Open A"]
[Site "Suwalki"]
[Date "2017-08-15"]
[Round "6.33"]
[White "Teglas, Balazs "]
[Black "Smolka, Marcin "]
[Result "0-1"]
[WhiteTitle ""]
[BlackTitle ""]
[WhiteElo "2238"]
[BlackElo "2133"]

1. Nf3 d5 2. g3 Nf6 3. Bg2 Nbd7 4. d4 e6 5. O-O Bd6 6. c4 c6 7. b3 O-O 8. Nbd2
e5 9. cxd5 e4 10. Nh4 cxd5 11. Nf5 Bb4 12. a3 Bc3 13. Ra2 Nb8 14. Nb1 Ba5 15.
Ne3 Bb6 16. Nc3 Nc6 17. Nc2 a5 18. Bg5 Be6 19. f3 exf3 20. Rxf3 Ne5 21. Rf1 Neg4
22. h3 h6 23. Bf4 g5 24. Bc1 Ne5 25. Kh2 Ng6 26. Ne3 Bc7 27. Rxf6 Qxf6 28. Ncxd5
Bxd5 29. Nxd5 Qd6 30. Nxc7 Qxc7 31. Rc2 Qb6 32. Qd3 Rac8 33. Bb2 Rxc2 34. Qxc2
Re8 35. e4 h5 36. e5 h4 37. gxh4 gxh4 38. Bd5 Ne7 39. Qg2+ Qg6 40. Qxg6+ Nxg6
41. a4 Rd8 42. Bxb7 Nxe5 43. Bc3 Rb8 44. Bd5 Nf3+ 45. Kg2 Nxd4 46. Bxa5 Nxb3 47.
Be1 Nc5 48. a5 Nd3 49. Bd2 Rb2 50. Kf3 Rxd2 51. Ke3 Rd1 52. a6 Nb4 0-1

[Event "I Miedzynarodowy Memorial Ireny Warakomskiej - Open A"]
[Site "Suwalki"]
[Date "2017-08-15"]
[Round "6.34"]
[White "Juhasz, Barbara"]
[Black "Zakrzewski, Marek"]
[Result "1/2-1/2"]
[WhiteTitle ""]
[BlackTitle ""]
[WhiteElo "2200"]
[BlackElo "2237"]

1. e4 c5 2. Nf3 e6 3. d4 cxd4 4. Nxd4 Nc6 5. Nc3 Qc7 6. Be3 a6 7. Qf3 d6 8. Nxc6
Qxc6 9. O-O-O b5 10. Bd3 Bb7 11. a3 Nf6 12. Rhe1 Be7 13. g4 Nd7 14. g5 Ne5 15.
Qh3 Rc8 16. f4 Nxd3+ 17. Rxd3 a5 18. Bd4 b4 19. Bxg7 Rg8 20. Qxh7 Kd7 21. Bf6
Bxf6 22. gxf6 Rgf8 23. Qg7 Ke8 24. Rh3 Kd7 25. Rd3 Ke8 26. Rh3 1/2-1/2

[Event "I Miedzynarodowy Memorial Ireny Warakomskiej - Open A"]
[Site "Suwalki"]
[Date "2017-08-15"]
[Round "6.35"]
[White "Jaroch, Karol"]
[Black "Walkusz, Witoslaw"]
[Result "1/2-1/2"]
[WhiteTitle ""]
[BlackTitle ""]
[WhiteElo "2235"]
[BlackElo "2115"]

1. e4 e5 2. Nf3 Nc6 3. Bc4 Be7 4. c3 Nf6 5. d3 O-O 6. Qe2 d6 7. Bg5 a6 8. a4 Be6
9. Nbd2 Nd7 10. h4 Bxc4 11. Nxc4 b5 12. Bxe7 Nxe7 13. Ne3 Nc5 14. axb5 axb5 15.
O-O c6 1/2-1/2

[Event "I Miedzynarodowy Memorial Ireny Warakomskiej - Open A"]
[Site "Suwalki"]
[Date "2017-08-15"]
[Round "6.36"]
[White "Dmochowska, Agnieszka"]
[Black "Chojnowski, Marcin "]
[Result "1/2-1/2"]
[WhiteTitle ""]
[BlackTitle ""]
[WhiteElo "2234"]
[BlackElo "2070"]

1. e4 c5 2. Nf3 d6 3. d4 cxd4 4. Nxd4 Nf6 5. Nc3 a6 6. Bg5 e6 7. f4 Qc7 8. Qe2
Nbd7 9. O-O-O Be7 10. g4 b5 11. a3 Rb8 12. Bg2 Bb7 13. Kb1 Nb6 14. e5 dxe5 15.
fxe5 Nfd5 16. Nxd5 Nxd5 17. Bxd5 Bxd5 18. Bxe7 Qxe7 19. Nf5 exf5 20. Rxd5 fxg4
21. Qxg4 O-O 22. Rg1 g6 23. Qd7 Qxd7 24. Rxd7 Rfd8 1/2-1/2

[Event "I Miedzynarodowy Memorial Ireny Warakomskiej - Open A"]
[Site "Suwalki"]
[Date "2017-08-15"]
[Round "6.37"]
[White "Ocytko, Andrzej"]
[Black "Dzhuguryan, Tygran "]
[Result "1/2-1/2"]
[WhiteTitle ""]
[BlackTitle ""]
[WhiteElo "2127"]
[BlackElo "2230"]

1. d4 Nf6 2. Nf3 b6 3. Bf4 g6 4. e3 Bg7 5. h3 O-O 6. Nbd2 Bb7 7. Bd3 c5 8. c3 d6
9. O-O Nbd7 10. Bh2 Qc7 11. Re1 a6 12. a4 Rfc8 13. Qe2 e5 14. dxe5 Nxe5 15. Nxe5
dxe5 16. e4 Nh5 17. Bc4 Rd8 18. Nf3 Qe7 19. Rad1 Rxd1 20. Rxd1 Nf4 21. Bxf4 exf4
22. Bd5 Re8 23. Qd2 Bh6 24. Qc2 c4 25. b3 Bxd5 26. exd5 cxb3 27. Qxb3 Qc5 28.
d6 Bg7 29. d7 Rd8 30. c4 Bf6 31. Rd5 Qc6 32. Qb4 Rxd7 33. Rxd7 Qxd7 34. Qxb6 Kg7
35. Qxa6 Qd1+ 36. Kh2 Qc2 37. Qb6 Qxa4 38. c5 Bd4 39. Nxd4 Qxd4 40. Qa5 f3 41.
Kg3 fxg2 42. Kxg2 Qd5+ 43. Kh2 Kf6 44. Qb6+ Qe6 45. c6 Qd6+ 46. Kg2 Qd5+ 47. Kg3
Qd3+ 48. Kg2 Qd5+ 49. Kg3 Qd1 50. Kg2 1/2-1/2

[Event "I Miedzynarodowy Memorial Ireny Warakomskiej - Open A"]
[Site "Suwalki"]
[Date "2017-08-15"]
[Round "6.38"]
[White "Jakubiec, Edyta"]
[Black "Zaika, Daniil"]
[Result "1-0"]
[WhiteTitle ""]
[BlackTitle ""]
[WhiteElo "2212"]
[BlackElo "2101"]

1. e4 e6 2. d4 d5 3. Nd2 Nf6 4. e5 Nfd7 5. Bd3 c5 6. c3 Nc6 7. Ndf3 cxd4 8. cxd4
f6 9. exf6 Nxf6 10. Nh3 Bd6 11. O-O O-O 12. Re1 Qc7 13. Nhg5 e5 14. dxe5 Nxe5
15. Bxh7+ Nxh7 16. Nxe5 Nxg5 17. Bxg5 Be6 18. Rc1 Qb6 19. Nd3 Rae8 20. b3 Rf5
21. h4 Ba3 22. Rc2 Ref8 23. Re5 R5f7 24. Qe1 Bf5 25. Rxd5 Qa6 26. Qe3 b6 27. Rd2
Qc8 28. Ne5 Bc1 29. Nxf7 Bxd2 30. Rxd2 Kxf7 31. Qe7+ Kg8 32. Qxa7 Qc1+ 33. Kh2
Qc5 34. Qe7 Qb5 35. Be3 Bg6 36. Rd7 Bf7 37. Bd4 Qf5 38. Rd8 Rxd8 39. Qxd8+ Kh7
40. Qg5 Qxg5 41. hxg5 b5 42. Kg3 Kg6 43. Kf4 Bd5 44. g3 1-0

[Event "I Miedzynarodowy Memorial Ireny Warakomskiej - Open A"]
[Site "Suwalki"]
[Date "2017-08-15"]
[Round "6.39"]
[White "Puczylowski, Marcin"]
[Black "Tomaszewski, Kacper"]
[Result "0-1"]
[WhiteTitle ""]
[BlackTitle ""]
[WhiteElo "2103"]
[BlackElo "2203"]

1. Nf3 d5 2. d4 Nf6 3. Bf4 e6 4. e3 c5 5. c3 Nc6 6. Na3 a6 7. Nc2 Ne4 8. Ne5 Nxe5
9. dxe5 g5 10. Bg3 Bg7 11. Bd3 Nxg3 12. hxg3 Bxe5 13. Rxh7 Rxh7 14. Bxh7 Qb6 15.
Rb1 Bd7 16. Bd3 O-O-O 17. Kf1 Rh8 18. Ne1 c4 19. Bc2 Bxg3 20. Qg4 Bc7 21. Qxg5
f5 22. Qf6 Rh1+ 23. Ke2 Bd6 24. b4 cxb3 25. Bxb3 Kb8 26. Bc2 Qc7 27. Bd3 Ka7 28.
f4 e5 29. Bxf5 Bb5+ 30. Kd2 Rf1 31. Qh4 exf4 32. a4 fxe3+ 33. Kc2 Rf2+ 34. Kb3
Bc4+ 35. Qxc4 dxc4# 0-1

[Event "I Miedzynarodowy Memorial Ireny Warakomskiej - Open A"]
[Site "Suwalki"]
[Date "2017-08-15"]
[Round "6.40"]
[White "Krzywda, Andrzej "]
[Black "Paprocki, Jaroslaw "]
[Result "1-0"]
[WhiteTitle ""]
[BlackTitle ""]
[WhiteElo "2173"]
[BlackElo "2183"]

1. e4 e5 2. Nf3 Nc6 3. Bc4 Bc5 4. c3 Nf6 5. d3 d6 6. O-O O-O 7. Nbd2 a6 8. Bb3
h6 9. h3 Re8 10. Re1 Ba7 11. Nf1 Be6 12. Bc2 d5 13. exd5 Nxd5 14. Ng3 Qd6 15.
Nh4 Rad8 16. Qf3 Qc5 17. Ne4 Qe7 18. Nf5 Bxf5 19. Qxf5 Qe6 20. Ng3 Qxf5 21. Nxf5
Re6 22. Re2 Bc5 23. Bd2 Rf6 24. Ng3 Nf4 25. Bxf4 exf4 26. Ne4 Re6 27. d4 f3 28.
Ree1 Bxd4 29. cxd4 Nxd4 30. Bd3 Rde8 31. Re3 b5 32. gxf3 f5 33. Ng3 f4 34. Rxe6
Nxf3+ 35. Kg2 Nh4+ 36. Kf1 Rxe6 37. Nf5 Nf3 38. Rc1 Ne5 39. Be4 Kf8 40. Rxc7 Nc4
41. Rc8+ Re8 42. Rxe8+ Kxe8 43. Ke2 Nxb2 44. Nxg7+ Kd7 45. Nf5 Na4 46. Kd3 b4
47. Kd4 Nc3 48. Bd5 a5 49. Bg8 h5 50. Ng7 h4 51. Ne6 f3 52. Ng5 a4 53. Nxf3 Nd1
54. Ne5+ Ke7 55. Nd3 Nc3 56. Nxb4 Ne2+ 57. Ke5 Ng1 58. Nd5+ Kf8 59. Be6 Nf3+ 60.
Kf6 Nd2 61. Nc3 1-0

[Event "I Miedzynarodowy Memorial Ireny Warakomskiej - Open A"]
[Site "Suwalki"]
[Date "2017-08-15"]
[Round "6.41"]
[White "Zgadzaj, Rafal "]
[Black "Mucha, Piotr "]
[Result "0-1"]
[WhiteTitle ""]
[BlackTitle ""]
[WhiteElo "2147"]
[BlackElo "2155"]

1. c4 e5 2. Nc3 Nc6 3. g3 Bc5 4. Bg2 a6 5. e3 Nge7 6. Nge2 Ba7 7. d3 O-O 8. a3
d6 9. b4 Be6 10. Nd5 f5 11. Bb2 f4 12. gxf4 Nf5 13. Qd2 Qh4 14. Ng3 Bxd5 15. Bxd5+
Kh8 16. fxe5 Bxe3 17. fxe3 Nxg3 18. hxg3 Qxg3+ 19. Kd1 Rf2 20. Qe1 Nxe5 21. Bxe5
dxe5 22. Kc1 Raf8 23. Bxb7 e4 24. Bxe4 Qe5 25. Rb1 h6 26. Bd5 Rh2 0-1

[Event "I Miedzynarodowy Memorial Ireny Warakomskiej - Open A"]
[Site "Suwalki"]
[Date "2017-08-15"]
[Round "6.42"]
[White "Chinguun, Sumiya "]
[Black "Suliborski, Jakub"]
[Result "1-0"]
[WhiteTitle ""]
[BlackTitle ""]
[WhiteElo "2120"]
[BlackElo "2122"]

1. e4 c5 2. Nf3 d6 3. d4 cxd4 4. Nxd4 e5 5. Nb3 Be6 6. Nc3 Nd7 7. Be2 Ngf6 8. O-O
Be7 9. Be3 O-O 10. Qd2 a6 11. a4 Rc8 12. Rad1 Qc7 13. Kh1 Rfd8 14. f4 Nb6 15.
a5 Nc4 16. Bxc4 Qxc4 17. Bb6 Re8 18. f5 Bd7 19. Qd3 Bb5 20. Rfe1 Qxd3 21. cxd3
d5 22. exd5 Bb4 23. d4 Nxd5 24. Nxd5 Bxe1 25. Rxe1 Bc4 26. Nc7 Bxb3 27. Nxe8 Rxe8
28. dxe5 Bc2 29. g4 h5 30. h3 hxg4 31. hxg4 g6 32. fxg6 Bxg6 33. Kh2 Rc8 34. Kg3
Kf8 35. Rd1 Ke7 36. Rd6 Bc2 37. b4 Rg8 38. Kf4 Ba4 39. Bc5 Ke8 40. e6 fxe6 41.
Rxe6+ Kd8 42. g5 Bd7 43. Rh6 Ba4 44. g6 Bc2 45. Kg5 Kd7 46. Kf6 Be4 47. g7 Rc8
48. Rh8 Bd5 49. Rxc8 Kxc8 50. Ke7 Kb8 51. Kf8 Ka8 52. g8=Q Bxg8 53. Kxg8 Kb8 54.
Kf7 Ka8 55. Ke7 Kb8 56. Kd7 Ka8 57. Kc8 1-0

[Event "I Miedzynarodowy Memorial Ireny Warakomskiej - Open A"]
[Site "Suwalki"]
[Date "2017-08-16"]
[Round "7.1"]
[White "Leniart, Arkadiusz "]
[Black "Bartel, Mateusz"]
[Result "1-0"]
[WhiteTitle ""]
[BlackTitle ""]
[WhiteElo "2480"]
[BlackElo "2608"]

1. d4 Nf6 2. c4 e6 3. Nc3 Bb4 4. f3 c5 5. a3 Bxc3+ 6. bxc3 O-O 7. e4 d6 8. Bd3
Nc6 9. Ne2 b6 10. O-O Ne8 11. f4 f5 12. d5 Na5 13. dxe6 fxe4 14. Bxe4 Bxe6 15.
f5 Bxc4 16. Nf4 Rc8 17. Bd5+ Bxd5 18. Qxd5+ Kh8 19. Rf3 Rf6 20. Ng6+ Rxg6 21.
fxg6 Nf6 22. Qe6 Qg8 23. Qh3 Re8 24. Bg5 Ne4 25. Be3 Nf6 26. Raf1 Re5 27. g4 Nc4
28. g5 1-0

[Event "I Miedzynarodowy Memorial Ireny Warakomskiej - Open A"]
[Site "Suwalki"]
[Date "2017-08-16"]
[Round "7.2"]
[White "Grib, Roman"]
[Black "Tomczak, Jacek "]
[Result "0-1"]
[WhiteTitle ""]
[BlackTitle ""]
[WhiteElo "2427"]
[BlackElo "2598"]

1. e4 e6 2. d4 d5 3. Nc3 Nf6 4. Bg5 Bb4 5. exd5 Qxd5 6. Bxf6 Bxc3+ 7. bxc3 gxf6
8. Nf3 Rg8 9. Qd3 f5 10. Ne5 Nd7 11. Nc4 Nf6 12. Ne3 Qa5 13. Nc4 Qd5 14. Ne3 Qe4
15. Rb1 b6 16. Qb5+ Bd7 17. Qe5 Qxe5 18. dxe5 Ne4 19. Nd1 Ba4 20. Rb4 O-O-O 21.
f3 c5 22. Rb2 Rxd1+ 23. Kxd1 Nf2+ 24. Ke1 Nxh1 25. c4 f4 26. c3 Rg5 27. Bd3 Rh5
0-1

[Event "I Miedzynarodowy Memorial Ireny Warakomskiej - Open A"]
[Site "Suwalki"]
[Date "2017-08-16"]
[Round "7.3"]
[White "Mastrovasilis, Dimitrios "]
[Black "Cukrowski, Filip "]
[Result "0-1"]
[WhiteTitle ""]
[BlackTitle ""]
[WhiteElo "2596"]
[BlackElo "2413"]

1. e4 c5 2. Nf3 d6 3. d4 cxd4 4. Nxd4 Nf6 5. Nc3 Nc6 6. Bg5 e6 7. Qd2 a6 8. O-O-O
Bd7 9. f4 Be7 10. Nf3 b5 11. Bxf6 gxf6 12. f5 Qb6 13. Kb1 O-O-O 14. g3 Kb8 15.
fxe6 fxe6 16. Bh3 h5 17. Ne2 Ne5 18. Nfd4 Nc4 19. Qd3 f5 20. exf5 e5 21. f6 Bxf6
22. Bxd7 exd4 23. Bh3 Rhe8 24. Nc1 d5 25. Rhf1 Ne3 26. Qg6 Rf8 27. Nd3 Qd6 28.
a3 h4 29. gxh4 Nxd1 30. Rxd1 Bxh4 31. Rg1 Qxg6 32. Rxg6 Rf6 33. Rg7 Rc6 34. Bg2
a5 35. Rh7 Bf6 36. Rh5 Rcd6 37. Rf5 Rg8 38. Bf3 Rg5 39. Rf4 Rg1+ 40. Ka2 Rf1 41.
Kb3 Kc7 42. Rf5 Kb6 43. Rf4 Ra1 44. Bxd5 a4+ 45. Kb4 Be7 46. Rf7 Re6+ 47. Rxe7
Rxe7 48. b3 Rc7 49. bxa4 Rb1+ 0-1

[Event "I Miedzynarodowy Memorial Ireny Warakomskiej - Open A"]
[Site "Suwalki"]
[Date "2017-08-16"]
[Round "7.4"]
[White "Kveinys, Aloyzas "]
[Black "Sadzikowski, Daniel"]
[Result "1/2-1/2"]
[WhiteTitle ""]
[BlackTitle ""]
[WhiteElo "2548"]
[BlackElo "2594"]

1. d4 Nf6 2. c4 e6 3. Nc3 Bb4 4. e3 O-O 5. Bd3 d5 6. Nf3 b6 7. O-O Bb7 8. cxd5
exd5 9. a3 Bd6 10. b4 Nbd7 11. Qb3 a6 12. a4 Qe7 13. b5 axb5 14. Nxb5 c5 15. Nxd6
Qxd6 16. Bb5 Ba6 17. Rd1 Bxb5 18. Qxb5 Rfb8 19. Bd2 c4 20. Rdb1 Rc8 21. Be1 Ne4
22. Bb4 Qe6 23. Ne1 Ndf6 24. Nf3 Nd7 25. Ne1 Nd6 26. Bxd6 Qxd6 27. Qb4 Qxb4 28.
Rxb4 Ra5 29. Rb5 Rca8 30. Rxa5 bxa5 31. Rb1 Rb8 32. Rb5 Rxb5 33. axb5 Kf8 34.
Nc2 Ke7 35. f3 f5 36. Kf2 Kd6 37. Na3 Nb6 38. h3 Ke6 39. Ke2 g6 40. Kd2 Kd6 41.
Ke2 Ke6 42. Kd2 Kf6 43. Ke2 Kg5 44. Kd2 Kf6 45. Ke2 h5 46. h4 g5 47. hxg5+ Kxg5
48. g3 a4 49. Kd2 h4 50. f4+ Kg4 51. gxh4 Kxh4 52. Kc3 Kg3 53. Kb4 Nd7 54. b6
Kf3 55. b7 Kxe3 56. Kb5 Kxd4 57. Kc6 Nb8+ 58. Kc7 Na6+ 59. Kb6 Nb8 1/2-1/2

[Event "I Miedzynarodowy Memorial Ireny Warakomskiej - Open A"]
[Site "Suwalki"]
[Date "2017-08-16"]
[Round "7.5"]
[White "Czarnota, Pawel"]
[Black "Zochowski, Kacper"]
[Result "1-0"]
[WhiteTitle ""]
[BlackTitle ""]
[WhiteElo "2577"]
[BlackElo "2239"]

1. e4 c5 2. Nf3 d6 3. d4 cxd4 4. Nxd4 Nf6 5. Nc3 a6 6. Be2 e6 7. O-O Be7 8. f4
Nc6 9. Be3 O-O 10. a4 Qc7 11. Kh1 Bd7 12. Nb3 Nb4 13. Bf3 Bc6 14. Nd4 d5 15. e5
Ne4 16. Bg1 a5 17. Qe1 Bc5 18. Nxc6 Nxc2 19. Qd1 Nxa1 20. Bxc5 Nxc5 21. Nd4 Qb6
22. Ncb5 Nab3 23. Nxb3 Nxa4 24. N3d4 Nxb2 25. Qe2 Na4 26. Qd2 g6 27. f5 exf5 28.
Bxd5 Rad8 29. Nd6 Qb4 30. Qf4 Nb6 31. Ba2 Kh8 32. Rb1 Qa3 33. Bxf7 Rxd6 34. exd6
Rxf7 35. Qe5+ Kg8 36. Qe8+ Rf8 37. Qe6+ Rf7 38. Nf3 Qd3 39. Qxf7+ 1-0